| 000 | 00994nam a2200265Ia 4500 | ||
|---|---|---|---|
| 008 | 130821s2001 ck gr spa | ||
| 020 | _a8429314687 | ||
| 040 |
_aCo-BoUCM _bspa |
||
| 041 | 0 | 0 | _aspa |
| 100 | 1 |
_aDupuis, Jacques _d1923- _9162153 |
|
| 245 | 1 | 3 |
_aEl cristianismo y las religiónes del desencuentro al diálogo _cJacques Dupuis; traducción María del Carmen Blanco Moreno |
| 260 |
_aBucaramanga (Santander, Colombia) _bEditorial Sal Terrae _c2001 |
||
| 300 | _a360 páginas | ||
| 490 |
_aColección Presencia Teológica _v121 |
||
| 504 | _aIncluye índice. | ||
| 650 | 0 | 4 |
_aConcilio Vaticano II, 1962-1965 _d1962-1965 _97436 |
| 650 | 0 | 4 |
_aCristianismo y otras religiones _912186 |
| 650 | 0 | 4 |
_aIglesias _917149 |
| 650 | 0 | 4 |
_aReligiones _923519 |
| 650 | 0 | 4 |
_aTeología _925230 |
| 700 | 1 |
_aBlanco MORENO, María Del Carmen _etrad. _9161611 |
|
| 765 | 1 | 0 | _aIl cristianesimo e le religioni. |
| 942 |
_cLIBRO _a4 _e1 _mD944c _2DEWEY _h261.2 |
||
| 999 |
_c47475 _d47475 |
||